000
00310nam a22001337a 4500
008
171020b xxu||||| |||| 00| 0 eng d
020
_a
9780314629692
041
_a
eng
080
_2
5 ED
_a
.338
100
_a
54
101
_a
MEN
245
_a
AN INTRODUCTION MANAGEMENT
_c
ANDERSON.D.R
942
_2
udc
_c
BK
999
_c
35238
_d
35238